General Knowledge Pictures - Beginning B - Statistics

General Stats
  • This quiz has been taken 174 times
  • The average score is 17 of 28
Answer Stats
Picture Answer % Correct
Bell
99%
Battery
96%
Beach
95%
Bamboo
92%
Blackberry
90%
Big Ben
89%
Banjo
88%
Bison
88%
Bracelet
86%
Barrel
82%
Bubble
79%
Brazil
78%
Badger
74%
Belgium
74%
Beethoven
66%
Blue Whale
60%
Balaclava
53%
Burj Khalifa
53%
Bratwurst
50%
Brontosaurus
44%
Beijing
42%
Buckingham Palace
39%
Bay of Bengal
31%
Budgerigar
24%
Bolivar
18%
‎Boadicea
11%
Bougainvillea
5%
Biretta
1%
No matching quizzes found
Score Distribution
Percent of People with Each Score
Percentile by Number Answered
Your Score History
You have not taken this quiz